Právna úprava oddlženia fyzických osôb v krajinách Európskej únie bakalárska práca

Gespeichert in:
Bibliographische Detailangaben
1. Verfasser: Doluda, Darya
Körperschaft: Obchodná fakulta EU. Katedra obchodného práva
Weitere Verfasser: Veterníková, Mária, 1964-
Format: Buch
Sprache:Slowakisch
Veröffentlicht: Bratislava 2019
Tags: Tag hinzufügen
Keine Tags, Fügen Sie das erste Tag hinzu!

MARC

LEADER 00000nbm a2200000 4500
001 0257895
005 20191108134138.6
041 0 |a slo 
044 |a SK 
245 1 0 |a Právna úprava oddlženia fyzických osôb v krajinách Európskej únie  |b bakalárska práca  |c Darya Doluda ; školiteľ: Mária Veterníková 
264 1 |a Bratislava  |c 2019 
300 |a 43 s. 
100 1 |a Doluda, Darya 
700 1 |a Veterníková, Mária, 1964- 
710 2 |a Obchodná fakulta EU. Katedra obchodného práva